Movies with Letters Missing #1 - Statistics

General Stats
  • This quiz has been taken 28 times
  • The average score is 6 of 10
Answer Stats
Hint Year Movie % Correct
V_O_ _E_D_T_A 2005 V for Vendetta
89%
T_X_D_I_E_ 1976 Taxi Driver
85%
D_I_E 2011 Drive
78%
R_Q_I_M _O_ A _R_A_ 2000 Requiem for a dream
78%
S_A_F_C_ 1983 Scarface
67%
I_T_T_E _I_D 2007 Into the Wild
48%
H_N_A 2011 Hanna
41%
T_E_O_A_ T_N_N_A_M_ 2001 The Royal Tenenbaums
37%
S_O_T _I_G_I_ V_. T_E _O_L_ 2010 Scott Pilgrim vs. the World
33%
W_T_H_E_ 2009 Watchmen
22%
No matching quizzes found
Score Distribution
Percent of People with Each Score
Percentile by Number Answered
Your Score History
You have not taken this quiz